000 00601nam a2200193Ii 4500
003 JO-AjNU
008 230605s9999||||xx |||||||||||||| ||und||
040 _aJO-AjNU
_bara
_erda
_cJO-AjNU
041 _aara
050 1 4 _aPJ7826.H26.W34 1977
100 3 _aتأليف غلاب،عبد الكريم,
_eauthor
_98724
245 0 0 _aوأخرجها من الجنة
264 3 1 _aتونس:الدار العربية،1977
300 _a162ص
336 _atext
_btxt
_2rdacontent
337 _aunmediated
_bn
_2rdamedia
338 _avolume
_bnc
_2rdacarrier
650 4 _aالأدب العربي - قصص
_98725
999 _aA935
_c4503
_d4503